[Event "Korosztályos Bajnokság u16l"]
[Site "Balatonlelle"]
[Date "2015.06.18"]
[Round "1.1"]
[White "Koltai, Anna"]
[Black "Egyed, Judit"]
[Result "0-1"]
[WhiteElo "1570"]
[BlackElo "1978"]
[PlyCount "70"]
[EventDate "2015.06.18"]
[EventType "tourn"]
[EventRounds "7"]
[EventCountry "HUN"]
[WhiteClock "0:11:38"]
[BlackClock "0:13:35"]

1. e4 c5 2. Nf3 d6 3. d4 cxd4 4. Nxd4 Nf6 5. Nc3 a6 6. f3 e5 7. Nb3 Be6 8. Be3
Be7 9. Qd2 Nbd7 10. O-O-O b5 11. Kb1 Nb6 12. g4 Nc4 13. Bxc4 bxc4 14. Nc1 Rb8
15. N1e2 Qc7 16. Nd5 Qb7 17. Nxf6+ Bxf6 18. Qc3 Be7 19. Bc1 O-O 20. Ng3 d5 21.
exd5 Bxd5 22. Rhf1 Rfe8 23. a3 Bc5 24. Nf5 Be6 25. Nd6 Bxd6 26. Rxd6 Bd5 27. f4
exf4 28. Bxf4 Rbd8 29. Rxd8 Rxd8 30. h4 Be6 31. g5 Qg2 32. Re1 Bf5 33. Be5 Qd2
34. Bxg7 Bxc2+ 35. Ka1 Qd1+ 0-1

[Event "Korosztályos Bajnokság u16l"]
[Site "Balatonlelle"]
[Date "2015.06.18"]
[Round "1.2"]
[White "Nemeth, Noemi Anna"]
[Black "Kassay, Lilla"]
[Result "0-1"]
[WhiteElo "1790"]
[BlackElo "1979"]
[PlyCount "58"]
[EventDate "2015.06.18"]
[EventType "tourn"]
[EventRounds "7"]
[EventCountry "HUN"]
[WhiteClock "0:00:32"]
[BlackClock "0:05:16"]

1. e4 c5 2. Nf3 d6 3. c4 Nc6 4. Nc3 Nf6 5. d4 cxd4 6. Nxd4 g6 7. Be2 Nxd4 8.
Qxd4 Bg7 9. Qd3 Be6 10. Rb1 Rc8 11. b3 O-O 12. O-O Nd7 13. Qc2 a6 14. Bb2 Qc7
15. Nd5 Bxd5 16. exd5 Nf6 17. Qd3 Qd7 18. h3 h5 19. Rfe1 Rfe8 20. Bd4 e5 21.
dxe6 Rxe6 22. g4 Qe7 23. gxh5 Nxh5 24. Bxg7 Nxg7 25. Kf1 Re8 26. Qd2 Qh4 27.
Qc3 Rf6 28. Bf3 Qxh3+ 29. Kg1 Rxe1+ 0-1

[Event "Korosztályos Bajnokság u16l"]
[Site "Balatonlelle"]
[Date "2015.06.18"]
[Round "1.3"]
[White "Szucs, Edina"]
[Black "Boa, Boglarka"]
[Result "1-0"]
[WhiteElo "1677"]
[BlackElo "1577"]
[PlyCount "79"]
[EventDate "2015.06.18"]
[EventType "tourn"]
[EventRounds "7"]
[EventCountry "HUN"]
[WhiteClock "0:39:52"]
[BlackClock "0:02:37"]

1. e4 e5 2. Nf3 Nc6 3. Nc3 Nf6 4. d4 exd4 5. Nxd4 Nxd4 6. Qxd4 d6 7. Be3 Be6 8.
O-O-O c5 9. Qd3 a6 10. f4 b5 11. f5 Bc4 12. Qd2 Bxf1 13. Rhxf1 b4 14. Nd5 Ng4
15. Bf4 Ne5 16. Bxe5 dxe5 17. f6 g6 18. Qg5 Qb8 19. Ne3 h5 20. Kb1 Bh6 21. Qg3
Bxe3 22. Qxe3 Qc7 23. Rd5 Rc8 24. Qg5 h4 25. Rxe5+ Kf8 26. Re7 Qc6 27. Qf4 Kg8
28. Re1 Re8 29. Rxe8+ Qxe8 30. Qd6 Qc8 31. e5 Kh7 32. Qe7 Qf8 33. Qa7 Kg8 34.
Rf1 Rh5 35. e6 fxe6 36. Qxa6 Qf7 37. a3 bxa3 38. Qxa3 Rg5 39. Qa4 Rxg2 40. Qa8+
1-0

[Event "Korosztályos Bajnokság u16l"]
[Site "Balatonlelle"]
[Date "2015.06.18"]
[Round "1.4"]
[White "Vanczak, Virag"]
[Black "Szuhai, Beata Barbara"]
[Result "0-1"]
[WhiteElo "1611"]
[BlackElo "1823"]
[PlyCount "68"]
[EventDate "2015.06.18"]
[EventType "tourn"]
[EventRounds "7"]
[EventCountry "HUN"]
[WhiteClock "0:16:46"]
[BlackClock "0:21:52"]

1. e4 b6 2. d4 Bb7 3. Nc3 e6 4. a3 Nf6 5. Bd3 c5 6. Nf3 Be7 7. Bf4 a6 8. Qe2 b5
9. Qe3 Ng4 10. Qd2 cxd4 11. Nxd4 e5 12. Nf5 exf4 13. Qxf4 h5 14. Nxg7+ Kf8 15.
Nxh5 Nxf2 16. Qxf2 Rxh5 17. Rf1 Rh7 18. O-O-O Qa5 19. e5 Rg7 20. Bg6 Bxa3 21.
bxa3 Qxa3+ 22. Kd2 Qe7 23. Qf5 Qe6 24. Qxe6 dxe6 25. Be4 Bxe4 26. Nxe4 Rxg2+
27. Rf2 Rxf2+ 28. Nxf2 Nc6 29. Ng4 Rd8+ 30. Kc1 Rxd1+ 31. Kxd1 Kg7 32. Kd2 Kg6
33. Ke3 a5 34. Kd3 Kg5 0-1

[Event "Korosztályos Bajnokság u16l"]
[Site "Balatonlelle"]
[Date "2015.06.19"]
[Round "2.1"]
[White "Egyed, Judit"]
[Black "Szuhai, Beata Barbara"]
[Result "1/2-1/2"]
[WhiteElo "1978"]
[BlackElo "1823"]
[PlyCount "48"]
[EventDate "2015.06.18"]
[EventType "tourn"]
[EventRounds "7"]
[EventCountry "HUN"]
[WhiteClock "0:11:04"]
[BlackClock "0:44:44"]

1. e4 e6 2. d3 d5 3. Nd2 c5 4. Ngf3 Nc6 5. g3 Bd6 6. Bg2 Nge7 7. O-O O-O 8. Re1
Qc7 9. Qe2 f6 10. h4 a5 11. Nf1 d4 12. h5 b5 13. N1h2 e5 14. Nh4 Be6 15. Ng4 c4
16. Qf3 Nb4 17. h6 Bxg4 18. Qxg4 g6 19. Rd1 Nxc2 20. Rb1 cxd3 21. Rxd3 Ne1 22.
Rd1 Nxg2 23. Kxg2 Qc8 24. Qf3 Qe6 1/2-1/2

[Event "Korosztályos Bajnokság u16l"]
[Site "Balatonlelle"]
[Date "2015.06.19"]
[Round "2.2"]
[White "Boa, Boglarka"]
[Black "Vanczak, Virag"]
[Result "1-0"]
[WhiteElo "1577"]
[BlackElo "1611"]
[PlyCount "91"]
[EventDate "2015.06.18"]
[EventType "tourn"]
[EventRounds "7"]
[EventCountry "HUN"]
[WhiteClock "0:34:58"]
[BlackClock "0:17:01"]

1. e4 c5 2. Nf3 d6 3. d4 cxd4 4. Nxd4 Nf6 5. Nc3 a6 6. a4 Qc7 7. Be2 g6 8. O-O
Bg7 9. Kh1 O-O 10. f4 e6 11. Bf3 Nbd7 12. Nb3 Nb6 13. Qd3 Nc4 14. Be2 Nb6 15.
a5 Nbd7 16. Be3 Rd8 17. Na4 Nc5 18. Naxc5 dxc5 19. Qc4 Qc6 20. e5 Nd7 21. Nxc5
Bf8 22. Nxd7 Bxd7 23. Qxc6 Bxc6 24. c3 Rd7 25. Bb6 Rd2 26. Bf3 Bxf3 27. Rxf3
Rxb2 28. Rc1 Rc8 29. Rd3 Rc4 30. Rd8 Kg7 31. g3 Ba3 32. Ra1 Rb3 33. Bd4 Be7 34.
Rd7 Kf8 35. Rd1 Ra4 36. Bb6 Rxc3 37. Bd8 Bxd8 38. Rxd8+ Kg7 39. Rb8 Rb3 40. Kg2
Rxa5 41. Rdd8 b5 42. Rg8+ Kh6 43. Rb7 Rb2+ 44. Kh3 Raa2 45. Rxf7 Rxh2+ 46. Kg4
1-0

[Event "Korosztályos Bajnokság u16l"]
[Site "Balatonlelle"]
[Date "2015.06.19"]
[Round "2.3"]
[White "Kassay, Lilla"]
[Black "Szucs, Edina"]
[Result "1-0"]
[WhiteElo "1979"]
[BlackElo "1677"]
[PlyCount "113"]
[EventDate "2015.06.18"]
[EventType "tourn"]
[EventRounds "7"]
[EventCountry "HUN"]
[WhiteClock "0:16:22"]
[BlackClock "0:22:56"]

1. e4 e5 2. Nf3 Nc6 3. Bc4 Nf6 4. d3 d5 5. exd5 Nxd5 6. Qe2 Bg4 7. h3 Bxf3 8.
Qxf3 Nf6 9. Be3 Be7 10. Nc3 Na5 11. Bb3 Nxb3 12. axb3 Qc8 13. Qg3 O-O 14. Qxe5
Bd6 15. Qg5 Re8 16. O-O-O Re5 17. Qh4 a5 18. Bg5 Re6 19. Rhe1 Ne8 20. Rxe6 Qxe6
21. Qe4 Qc8 22. Re1 c6 23. Be7 Bc7 24. Re3 Qd7 25. Bg5 Bb6 26. Re2 Nc7 27. Qf3
Ne6 28. Be3 Bd4 29. Qe4 Bf6 30. f4 Re8 31. Bf2 b5 32. g4 Nc7 33. Qf3 Rb8 34. g5
Be7 35. h4 Bf8 36. f5 b4 37. Ne4 Nd5 38. f6 Ra8 39. fxg7 Bxg7 40. Nf6+ Bxf6 41.
gxf6 Kh8 42. Bd4 Rc8 43. Rg2 Qe8 44. Qg3 Qg8 45. Qh3 Qe8 46. Qg3 Qg8 47. Qf3
Qe8 48. Kd2 Qf8 49. Rg7 Qd6 50. Rxf7 c5 51. Qf5 Qh2+ 52. Bf2 Qf4+ 53. Qxf4 Nxf4
54. Bg3 Nd5 55. Be5 h5 56. Rd7 Nb6 57. f7+ 1-0

[Event "Korosztályos Bajnokság u16l"]
[Site "Balatonlelle"]
[Date "2015.06.19"]
[Round "2.4"]
[White "Koltai, Anna"]
[Black "Nemeth, Noemi Anna"]
[Result "1/2-1/2"]
[WhiteElo "1570"]
[BlackElo "1790"]
[PlyCount "29"]
[EventDate "2015.06.18"]
[EventType "tourn"]
[EventRounds "7"]
[EventCountry "HUN"]
[WhiteClock "0:32:58"]
[BlackClock "0:23:52"]

1. e4 e5 2. Nf3 Nc6 3. d4 exd4 4. Nxd4 Bc5 5. Be3 Qf6 6. c3 Nge7 7. Bc4 O-O 8.
O-O b6 9. f4 Bb7 10. e5 Qh4 11. Qd2 Bxd4 12. cxd4 Nf5 13. Bf2 Qg4 14. Be2 Qg6
15. d5 1/2-1/2

[Event "Korosztályos Bajnokság u16l"]
[Site "Balatonlelle"]
[Date "2015.06.20"]
[Round "3.1"]
[White "Nemeth, Noemi Anna"]
[Black "Egyed, Judit"]
[Result "0-1"]
[WhiteElo "1790"]
[BlackElo "1978"]
[PlyCount "62"]
[EventDate "2015.06.18"]
[EventType "tourn"]
[EventRounds "7"]
[EventCountry "HUN"]
[WhiteClock "0:03:43"]
[BlackClock "0:20:13"]

1. d4 d5 2. c4 e6 3. Nc3 c5 4. Nf3 Nf6 5. Bg5 cxd4 6. Nxd4 Nc6 7. cxd5 exd5 8.
e3 Be7 9. Bb5 Qd6 10. Bf4 Qd7 11. Qa4 a6 12. Nxc6 axb5 13. Qxa8 bxc6 14. O-O
O-O 15. Qa5 Bd6 16. Ne2 Ng4 17. Qc3 Re8 18. Rac1 c5 19. h3 Ne5 20. Rfd1 Bb7 21.
Ng3 Qc6 22. Bxe5 d4 23. f3 dxc3 24. Rxd6 cxb2 25. Rb1 Qc8 26. Bf4 c4 27. Rxb2
c3 28. Rc2 h6 29. e4 Rd8 30. Rxd8+ Qxd8 31. a3 Qd1+ 0-1

[Event "Korosztályos Bajnokság u16l"]
[Site "Balatonlelle"]
[Date "2015.06.20"]
[Round "3.2"]
[White "Szucs, Edina"]
[Black "Koltai, Anna"]
[Result "1-0"]
[WhiteElo "1677"]
[BlackElo "1570"]
[PlyCount "47"]
[EventDate "2015.06.18"]
[EventType "tourn"]
[EventRounds "7"]
[EventCountry "HUN"]
[WhiteClock "0:19:52"]
[BlackClock "0:12:24"]

1. e4 c5 2. Nf3 a6 3. c4 e6 4. Nc3 Nc6 5. Be2 Qc7 6. O-O Nf6 7. d4 cxd4 8. Nxd4
Be7 9. Be3 O-O 10. Rc1 Rd8 11. f3 Qb8 12. Nc2 d6 13. a3 Bd7 14. b4 Ne5 15. Nd4
Ng6 16. Qb3 Bc6 17. b5 Bd7 18. a4 h6 19. Rb1 Qc7 20. Rfc1 Nh5 21. g3 Nf6 22.
Nc2 Nh7 23. bxa6 Qc6 24. axb7 1-0

[Event "Korosztályos Bajnokság u16l"]
[Site "Balatonlelle"]
[Date "2015.06.20"]
[Round "3.3"]
[White "Vanczak, Virag"]
[Black "Kassay, Lilla"]
[Result "0-1"]
[WhiteElo "1611"]
[BlackElo "1979"]
[PlyCount "58"]
[EventDate "2015.06.18"]
[EventType "tourn"]
[EventRounds "7"]
[EventCountry "HUN"]
[WhiteClock "0:21:52"]
[BlackClock "0:19:14"]

1. e4 e6 2. d4 c5 3. Nf3 cxd4 4. Nxd4 Nf6 5. f3 Nc6 6. Nb5 d6 7. Be3 a6 8. N5c3
b5 9. a3 Be7 10. Nd2 Qc7 11. Nb3 Ne5 12. Qd2 Rb8 13. Nd4 Bd7 14. Be2 Nc4 15.
Bxc4 Qxc4 16. Qe2 Qxe2+ 17. Ncxe2 O-O 18. O-O-O Rfc8 19. Nc3 a5 20. Rhe1 Rc4
21. Nb3 a4 22. Nd2 Rc7 23. Nf1 b4 24. axb4 Rxb4 25. Rd4 Rb8 26. Nd2 a3 27. Rc4
axb2+ 28. Kb1 Rxc4 29. Nxc4 Rc8 0-1

[Event "Korosztályos Bajnokság u16l"]
[Site "Balatonlelle"]
[Date "2015.06.20"]
[Round "3.4"]
[White "Szuhai, Beata Barbara"]
[Black "Boa, Boglarka"]
[Result "1/2-1/2"]
[WhiteElo "1823"]
[BlackElo "1577"]
[PlyCount "85"]
[EventDate "2015.06.18"]
[EventType "tourn"]
[EventRounds "7"]
[EventCountry "HUN"]
[WhiteClock "0:13:12"]
[BlackClock "0:29:05"]

1. e4 e5 2. Nc3 Nf6 3. Bc4 Nxe4 4. Qh5 Nd6 5. Bb3 Be7 6. Qxe5 O-O 7. Nge2 Bf6
8. Qh5 g6 9. Qh3 Nf5 10. O-O d6 11. f4 Nd4 12. Qd3 Bf5 13. Ne4 Bxe4 14. Qxe4
Re8 15. Bxf7+ Kxf7 16. Qd5+ Ne6 17. f5 c6 18. fxe6+ Rxe6 19. Qb3 Qb6+ 20. Qxb6
axb6 21. Nf4 Re7 22. c3 Nd7 23. d4 Kg7 24. Nd3 c5 25. d5 Be5 26. Bg5 Bf6 27.
Bxf6+ Nxf6 28. Nf4 Re5 29. Ne6+ Kf7 30. a3 Ke7 31. c4 Nd7 32. Rfe1 Rxe1+ 33.
Rxe1 Ne5 34. Ng5 h6 35. Nf3 Kf6 36. Nxe5 dxe5 37. Re3 Ra4 38. Rc3 Kf5 39. Kf2
e4 40. Ke3 Ke5 41. Rc1 b5 42. d6 Kxd6 43. Rd1+ 1/2-1/2

[Event "Korosztályos Bajnokság u16l"]
[Site "Balatonlelle"]
[Date "2015.06.21"]
[Round "4.1"]
[White "Egyed, Judit"]
[Black "Boa, Boglarka"]
[Result "1-0"]
[WhiteElo "1978"]
[BlackElo "1577"]
[PlyCount "99"]
[EventDate "2015.06.18"]
[EventType "tourn"]
[EventRounds "7"]
[EventCountry "HUN"]
[WhiteClock "1:06:26"]
[BlackClock "0:17:30"]

1. e4 e5 2. Nf3 Nc6 3. Bb5 a6 4. Ba4 Nf6 5. O-O b5 6. Bb3 Be7 7. Re1 d6 8. a4
Bd7 9. a5 O-O 10. d3 Bg4 11. Nbd2 Nd4 12. Ba2 Qd7 13. c3 Nxf3+ 14. Nxf3 Bxf3
15. Qxf3 Qg4 16. Qxg4 Nxg4 17. Bd5 Rab8 18. h3 Nf6 19. Bc6 h6 20. Be3 Nh7 21.
Ba7 Rbd8 22. Bb7 c5 23. Bb6 Rb8 24. Bxa6 Bd8 25. Bxd8 Rfxd8 26. c4 b4 27. Bb5
Rdc8 28. a6 Rc7 29. Ra2 Ra7 30. Bc6 Rb6 31. Bb7 Nf6 32. Ra5 Nd7 33. Rb5 Rbxa6
34. Bxa6 Rxa6 35. Rb7 Nf8 36. Rb8 Ra7 37. Rd8 Rd7 38. Rxd7 Nxd7 39. Ra1 Kf8 40.
g3 Ke8 41. f4 exf4 42. gxf4 f6 43. Kf2 g6 44. Ke3 Nf8 45. Ra7 Ne6 46. Rh7 g5
47. f5 Nf8 48. Rxh6 Kf7 49. h4 Kg7 50. hxg5 1-0

[Event "Korosztályos Bajnokság u16l"]
[Site "Balatonlelle"]
[Date "2015.06.21"]
[Round "4.2"]
[White "Kassay, Lilla"]
[Black "Szuhai, Beata Barbara"]
[Result "1-0"]
[WhiteElo "1979"]
[BlackElo "1823"]
[PlyCount "51"]
[EventDate "2015.06.18"]
[EventType "tourn"]
[EventRounds "7"]
[EventCountry "HUN"]
[WhiteClock "0:18:07"]
[BlackClock "0:12:33"]

1. e4 e6 2. d4 d5 3. e5 c5 4. c3 Nc6 5. Nf3 Qb6 6. a3 f6 7. Bd3 cxd4 8. cxd4
Bd7 9. Nc3 O-O-O 10. Na4 Qc7 11. Bf4 g5 12. Bg3 g4 13. exf6 Bd6 14. Bxd6 Qxd6
15. Ng5 Qf4 16. Nf7 Nxf6 17. Nxh8 Rxh8 18. Nc5 Qxd4 19. Qc2 Kb8 20. Rc1 Bc8 21.
b4 Rf8 22. O-O Ne5 23. Ne4 Nfd7 24. Nd6 Nb6 25. Qc7+ Ka8 26. Qe7 1-0

[Event "Korosztályos Bajnokság u16l"]
[Site "Balatonlelle"]
[Date "2015.06.21"]
[Round "4.3"]
[White "Koltai, Anna"]
[Black "Vanczak, Virag"]
[Result "0-1"]
[WhiteElo "1570"]
[BlackElo "1611"]
[PlyCount "66"]
[EventDate "2015.06.18"]
[EventType "tourn"]
[EventRounds "7"]
[EventCountry "HUN"]
[WhiteClock "0:00:31"]
[BlackClock "0:10:21"]

1. e4 c5 2. Nf3 e6 3. d4 cxd4 4. Nxd4 a6 5. Nc3 d6 6. Be3 Nf6 7. Be2 Be7 8. Qd2
Nbd7 9. O-O-O Qc7 10. Kb1 b5 11. g4 b4 12. Na4 Nxe4 13. Qxb4 d5 14. Qe1 Rb8 15.
Nb3 Bb7 16. f3 Nd6 17. Bf2 Rc8 18. Nc3 Nc4 19. Bg3 Qc6 20. Bxc4 Qxc4 21. Rd4
Qc6 22. Rf1 O-O 23. f4 Bf6 24. Rd3 Nc5 25. Nxc5 Qxc5 26. Rf2 a5 27. g5 Be7 28.
Rfd2 Ba6 29. Rf3 Qc6 30. Rff2 Bb4 31. Qe5 a4 32. a3 Bxa3 33. bxa3 Qxc3 0-1

[Event "Korosztályos Bajnokság u16l"]
[Site "Balatonlelle"]
[Date "2015.06.21"]
[Round "4.4"]
[White "Nemeth, Noemi Anna"]
[Black "Szucs, Edina"]
[Result "0-1"]
[WhiteElo "1790"]
[BlackElo "1677"]
[PlyCount "70"]
[EventDate "2015.06.18"]
[EventType "tourn"]
[EventRounds "7"]
[EventCountry "HUN"]
[WhiteClock "0:01:07"]
[BlackClock "0:17:59"]

1. e4 e5 2. Nf3 Nc6 3. d4 exd4 4. Nxd4 Bc5 5. Nb3 Bb6 6. Nc3 Nf6 7. Qe2 d6 8.
Bg5 h6 9. Bh4 g5 10. Bg3 Qe7 11. O-O-O Be6 12. e5 dxe5 13. Bxe5 Nxe5 14. Qxe5
Rg8 15. f3 Nd7 16. Qe4 c6 17. Qh7 Qf8 18. Ne4 O-O-O 19. Nd6+ Kb8 20. Qe4 Bd5
21. Rxd5 Nf6 22. Qf5 Nxd5 23. Nxf7 Ne3 24. Qe5+ Bc7 25. Qxe3 Bf4 26. Qxf4+ gxf4
27. Nxd8 Qxd8 28. c3 Qe7 29. Nd4 Qe3+ 30. Kc2 Rd8 31. Bc4 Qf2+ 32. Kb3 c5 33.
Nf5 Rd2 34. Rb1 a6 35. a4 h5 0-1

[Event "Korosztályos Bajnokság u16l"]
[Site "Balatonlelle"]
[Date "2015.06.22"]
[Round "5.1"]
[White "Szucs, Edina"]
[Black "Egyed, Judit"]
[Result "1/2-1/2"]
[WhiteElo "1677"]
[BlackElo "1978"]
[PlyCount "86"]
[EventDate "2015.06.18"]
[EventType "tourn"]
[EventRounds "7"]
[EventCountry "HUN"]
[WhiteClock "0:20:14"]
[BlackClock "0:21:13"]

1. d4 d5 2. c4 e6 3. e3 c5 4. Nf3 Nc6 5. Nc3 Nf6 6. a3 a6 7. dxc5 Bxc5 8. b4
Bd6 9. Be2 O-O 10. O-O Ne5 11. cxd5 Nxf3+ 12. Bxf3 Be5 13. Bb2 exd5 14. Qd2 Be6
15. Na4 Qd6 16. h3 Bxb2 17. Qxb2 b6 18. Qd4 Qc6 19. Nb2 Rac8 20. Rac1 Qb7 21.
Nc4 Rc6 22. Ne5 Rc7 23. Nc4 Nd7 24. Rfd1 Qb8 25. Bxd5 Bxd5 26. Qxd5 Rfc8 27.
Qd2 Nf6 28. Nxb6 Rxc1 29. Rxc1 Rd8 30. Qxd8+ Qxd8 31. Rc8 Qxc8 32. Nxc8 Kf8 33.
Nb6 Ke7 34. f3 Kd6 35. e4 Kc6 36. Nc4 Kb5 37. Nb2 Nd7 38. f4 Nb6 39. Nd3 Nc4
40. a4+ Kxa4 41. Kf2 Na3 42. Ne5 f6 43. Nd3 a5 1/2-1/2

[Event "Korosztályos Bajnokság u16l"]
[Site "Balatonlelle"]
[Date "2015.06.22"]
[Round "5.2"]
[White "Vanczak, Virag"]
[Black "Nemeth, Noemi Anna"]
[Result "1-0"]
[WhiteElo "1611"]
[BlackElo "1790"]
[PlyCount "67"]
[EventDate "2015.06.18"]
[EventType "tourn"]
[EventRounds "7"]
[EventCountry "HUN"]
[WhiteClock "0:06:16"]
[BlackClock "0:00:34"]

1. e4 e5 2. Nf3 Nc6 3. Bc4 Be7 4. c3 Nf6 5. d3 d5 6. exd5 Nxd5 7. Qe2 Qd6 8.
O-O O-O 9. Re1 f6 10. Qe4 Rd8 11. Na3 a6 12. Nc2 Kh8 13. d4 exd4 14. Ncxd4 Nxd4
15. Nxd4 Bf8 16. Be3 Nxe3 17. Rxe3 c6 18. Rae1 Bd7 19. Bf7 Qc5 20. Qh4 Qg5 21.
Qxg5 fxg5 22. Nf3 g4 23. Ne5 Bf5 24. Bb3 Bg6 25. Nxg6+ hxg6 26. Re4 Kh7 27.
Rxg4 Kh6 28. Re3 g5 29. Kf1 Kh5 30. h3 Rd2 31. Re5 Kh6 32. Rexg5 Rd7 33. Rg6+
Kh5 34. R4g5+ 1-0

[Event "Korosztályos Bajnokság u16l"]
[Site "Balatonlelle"]
[Date "2015.06.22"]
[Round "5.3"]
[White "Szuhai, Beata Barbara"]
[Black "Koltai, Anna"]
[Result "1-0"]
[WhiteElo "1823"]
[BlackElo "1570"]
[PlyCount "113"]
[EventDate "2015.06.18"]
[EventType "tourn"]
[EventRounds "7"]
[EventCountry "HUN"]
[WhiteClock "0:16:06"]
[BlackClock "0:12:01"]

1. e4 c5 2. Nf3 a6 3. d4 cxd4 4. Nxd4 Nf6 5. Bd3 e5 6. Nf3 d5 7. exd5 e4 8. Qe2
Bb4+ 9. c3 O-O 10. Bxe4 Nxe4 11. cxb4 Qxd5 12. O-O Nc6 13. Rd1 Qe6 14. Nd4 Nxd4
15. Rxd4 Nf6 16. Qxe6 Bxe6 17. Nc3 h6 18. Bf4 Rac8 19. Rad1 Rfe8 20. f3 Kh7 21.
Kf2 Kg6 22. a3 Bb3 23. R1d2 Rc6 24. Rd6 Rxd6 25. Rxd6 Re6 26. Rxe6 Bxe6 27. Na4
Bd5 28. Nc5 Bc6 29. Nd3 Kf5 30. Be5 Ne8 31. Bd4 Ke6 32. Nf4+ Kf5 33. Ke3 g6 34.
h4 h5 35. Ne2 Nd6 36. Bc3 Nc4+ 37. Kd3 Bd5 38. g3 Ne5+ 39. Bxe5 Kxe5 40. Ke3
Bc6 41. Nf4 Bd7 42. Ne2 Be6 43. Nc3 Bc4 44. Ne4 Bd5 45. Nc5 Bc6 46. g4 Bd5 47.
gxh5 gxh5 48. Nd3+ Kf5 49. Nf4 Bc6 50. Nxh5 Kg6 51. Ng3 Kh6 52. f4 Bd7 53. f5
Bc6 54. Kf4 Bd5 55. Ke5 Bb3 56. Ne4 b6 57. Nf6 1-0

[Event "Korosztályos Bajnokság u16l"]
[Site "Balatonlelle"]
[Date "2015.06.22"]
[Round "5.4"]
[White "Boa, Boglarka"]
[Black "Kassay, Lilla"]
[Result "0-1"]
[WhiteElo "1577"]
[BlackElo "1979"]
[PlyCount "70"]
[EventDate "2015.06.18"]
[EventType "tourn"]
[EventRounds "7"]
[EventCountry "HUN"]
[WhiteClock "0:07:40"]
[BlackClock "0:10:17"]

1. e4 c5 2. Nf3 d6 3. d4 cxd4 4. Nxd4 Nf6 5. Nc3 a6 6. Be2 e5 7. Nb3 Be6 8. a4
Nc6 9. Be3 Be7 10. O-O Qd7 11. a5 Bd8 12. Nd5 Nxe4 13. f3 Bxd5 14. Qxd5 Nf6 15.
Qd2 Be7 16. c4 O-O 17. Rad1 Qe6 18. Bb6 Nd7 19. Bc7 Nc5 20. Nxc5 dxc5 21. Qd5
Rac8 22. Qxe6 fxe6 23. Bd6 Rfe8 24. Rfe1 Bxd6 25. Rxd6 Nxa5 26. Bf1 Nc6 27. f4
exf4 28. Rexe6 Rxe6 29. Rxe6 Rd8 30. Re2 Rd1 31. g3 fxg3 32. hxg3 Kf7 33. Re3
Rb1 34. Re2 Nd4 35. Rd2 Nf3+ 0-1

[Event "Korosztályos Bajnokság u16l"]
[Site "Balatonlelle"]
[Date "2015.06.23"]
[Round "6.1"]
[White "Egyed, Judit"]
[Black "Kassay, Lilla"]
[Result "1/2-1/2"]
[WhiteElo "1978"]
[BlackElo "1979"]
[PlyCount "25"]
[EventDate "2015.06.18"]
[EventType "tourn"]
[EventRounds "7"]
[EventCountry "HUN"]
[WhiteClock "0:15:25"]
[BlackClock "0:26:54"]

1. e4 e6 2. f4 c5 3. Nf3 Nc6 4. c3 Nf6 5. Bd3 Qc7 6. f5 Ne5 7. Bc2 c4 8. Qe2
Nxf3+ 9. Qxf3 Bd6 10. Qh3 b6 11. O-O Bb7 12. Qh4 h5 13. h3 1/2-1/2

[Event "Korosztályos Bajnokság u16l"]
[Site "Balatonlelle"]
[Date "2015.06.23"]
[Round "6.2"]
[White "Koltai, Anna"]
[Black "Boa, Boglarka"]
[Result "1/2-1/2"]
[WhiteElo "1570"]
[BlackElo "1577"]
[PlyCount "41"]
[EventDate "2015.06.18"]
[EventType "tourn"]
[EventRounds "7"]
[EventCountry "HUN"]
[WhiteClock "0:34:54"]
[BlackClock "0:39:28"]

1. e4 e5 2. Nf3 Nc6 3. d4 exd4 4. Nxd4 Bb4+ 5. c3 Bc5 6. Be3 Bb6 7. Bc4 Nge7 8.
O-O O-O 9. f4 d5 10. Bd3 dxe4 11. Bxe4 Nxd4 12. Bxd4 Bxd4+ 13. cxd4 Nf5 14.
Bxf5 Bxf5 15. Nc3 Qd7 16. h3 c6 17. Ne2 Be6 18. b3 Bd5 19. Qd2 Rfe8 20. Ng3 Re7
21. f5 1/2-1/2

[Event "Korosztályos Bajnokság u16l"]
[Site "Balatonlelle"]
[Date "2015.06.23"]
[Round "6.3"]
[White "Nemeth, Noemi Anna"]
[Black "Szuhai, Beata Barbara"]
[Result "1-0"]
[WhiteElo "1790"]
[BlackElo "1823"]
[PlyCount "65"]
[EventDate "2015.06.18"]
[EventType "tourn"]
[EventRounds "7"]
[EventCountry "HUN"]
[WhiteClock "0:29:33"]
[BlackClock "0:00:46"]

1. d4 d5 2. c4 c6 3. Nc3 Nf6 4. Nf3 e6 5. e3 Nbd7 6. Qc2 Be7 7. b3 b6 8. Bd3
Bb7 9. O-O Rc8 10. Bb2 Qc7 11. Rac1 c5 12. h3 h5 13. Ne2 cxd4 14. Nexd4 e5 15.
Nb5 Qb8 16. Be2 dxc4 17. Bxc4 Bxf3 18. gxf3 a6 19. Nc7+ Rxc7 20. Bxf7+ Kd8 21.
Qf5 Rxc1 22. Rxc1 Qd6 23. Qc2 Qb8 24. Rd1 Bd6 25. Qf5 Rf8 26. Qe6 Bc7 27. Ba3
Rh8 28. Be7+ Kc8 29. Bxf6 gxf6 30. Qxd7+ Kb7 31. Rc1 Qc8 32. Bd5+ Kb8 33. Qc6
1-0

[Event "Korosztályos Bajnokság u16l"]
[Site "Balatonlelle"]
[Date "2015.06.23"]
[Round "6.4"]
[White "Szucs, Edina"]
[Black "Vanczak, Virag"]
[Result "1-0"]
[WhiteElo "1677"]
[BlackElo "1611"]
[PlyCount "47"]
[EventDate "2015.06.18"]
[EventType "tourn"]
[EventRounds "7"]
[EventCountry "HUN"]
[WhiteClock "0:34:43"]
[BlackClock "0:46:40"]

1. e4 c5 2. Nf3 e6 3. d4 cxd4 4. Nxd4 a6 5. Bd3 d6 6. c4 Nf6 7. O-O Be7 8. Nc3
Nbd7 9. Qe2 Qc7 10. f4 b6 11. Kh1 Bb7 12. Bd2 Nc5 13. Bc2 O-O 14. Rae1 Rfe8 15.
Nf3 Kh8 16. Ng5 e5 17. fxe5 dxe5 18. Nxf7+ Kg8 19. Ng5 Bc8 20. Nd5 Qc6 21.
Nxf6+ Bxf6 22. Qh5 h6 23. Qf7+ Kh8 24. Rxf6 1-0

[Event "Korosztályos Bajnokság u16l"]
[Site "Balatonlelle"]
[Date "2015.06.24"]
[Round "7.1"]
[White "Vanczak, Virag"]
[Black "Egyed, Judit"]
[Result "1/2-1/2"]
[WhiteElo "1611"]
[BlackElo "1978"]
[PlyCount "46"]
[EventDate "2015.06.18"]
[EventType "tourn"]
[EventRounds "7"]
[EventCountry "HUN"]
[WhiteClock "0:17:18"]
[BlackClock "0:13:22"]

1. e4 d6 2. d4 g6 3. Nc3 Bg7 4. Nf3 Nf6 5. Bc4 O-O 6. O-O c6 7. a4 Qc7 8. Kh1
a5 9. Ne1 e5 10. d5 Qe7 11. Qe2 Re8 12. Be3 Kh8 13. Rd1 Ng4 14. Bc1 f5 15. f4
fxe4 16. fxe5 Bxe5 17. g3 Bxc3 18. bxc3 e3 19. Rd4 Nf2+ 20. Kg1 Bh3 21. Ng2
Bxg2 22. Kxg2 Qd7 23. Bxe3 Ne4 1/2-1/2

[Event "Korosztályos Bajnokság u16l"]
[Site "Balatonlelle"]
[Date "2015.06.24"]
[Round "7.2"]
[White "Szuhai, Beata Barbara"]
[Black "Szucs, Edina"]
[Result "1/2-1/2"]
[WhiteElo "1823"]
[BlackElo "1677"]
[PlyCount "20"]
[EventDate "2015.06.18"]
[EventType "tourn"]
[EventRounds "7"]
[EventCountry "HUN"]
[WhiteClock "1:13:52"]
[BlackClock "0:54:31"]

1. c4 c5 2. Nc3 Nc6 3. g3 g6 4. Bg2 Bg7 5. f4 e6 6. e3 f5 7. Nge2 Nf6 8. O-O
O-O 9. b3 Qc7 10. Bb2 b6 1/2-1/2